000 00600nam a22001577a 4500
003 OSt
005 20151216142517.0
008 151216b xxu||||| |||| 00| 0 eng d
040 _cRUA
082 _aAED THA 2006 B224 Or.1
100 _94920
_aTHAN, VISAL.
245 _aThe impact of imported vegetables on the local production in kandal province, ឥទ្ធិពលនៃបន្លែនាំចូលលើផលិតកម្មក្នុងស្រុក នៅខេត្តកណ្តាល
260 _aPhnom Penh
_bRUA
_c2006
300 _ax, 42p.
_bill.
_c29cm.
942 _2ddc
_cAED
999 _c4573
_d4573